000 00474cam a2200193ua 4500
001 8161
008 150109n ii |||gr||||Z||||||hin
040 _cMAIN
041 _ahin
082 _a891.433
100 _aKumar, D.,
_eAuthor.
245 1 _aAangan me ek vriskh
_cBy Dusyanta Kumar
250 _a1st.
260 _aNew Delhi:
_bRadhakarishna,
_c1992.
300 _a106p.
653 _aEast Indo-European & Celtic literatures
653 _aHindi novels
942 _cBK
999 _c7276
_d7276